000 01886nam0a2200373 4500
001 RU\NLR\bibl\1725
005 20260406042829.0
021 _aRU
_b98-10
_91
035 _a(NLR Aleph) 000001627
090 _a2641
_c2641
100 _a19980615d1997 |||y0rusy50 ca
101 0 _arus
102 _aRU
105 _ay |||||||||
200 1 _aОсновы управления муниципальным хозяйством
_fА.Г. Воронин, В.А. Лапин, А.Н. Широков
_gМоск. обществ. науч. фонд
205 _a2-е изд., доп.
210 _aМ.
_cМНФ
_d1997
215 _a138 с.
_cил.
_d20
225 1 _aУчеб. лит.
_vN 1
320 _aБиблиогр.: с. 137-138
606 0 _aМуниципальное хозяйство
_jРуководства, пособия и т. п.
_xУправление
_92074804
_3RU\NLR\auth\661249820
606 0 _aМуниципальное хозяйство
_jУчебные издания
_xУправление
_92074804
_3RU\NLR\auth\661249820
606 0 _aСамоуправление
_jРуководства, пособия и т. п.
_92074803
_3RU\NLR\auth\661249819
606 0 _aСамоуправление
_jУчебные издания
_92074803
_3RU\NLR\auth\661249819
686 _aУ21(2)27я7
700 1 _4070
_8rus
_7ca
_aВоронин
_bА. Г.
_cканд. экон. наук
_f1962-2016
_gАлександр Геннадьевич
_3RU\NLR\AUTH\772986
_9112993
701 1 _4070
_8rus
_7ca
_aЛапин
_bВ. А.
_f1951-2009
_gВладимир Александрович
_3RU\NLR\auth\772987
_9112994
701 1 _4070
_8rus
_7ca
_aШироков
_bА.Н.
_gАлександр Николаевич
_3RU\NLR\auth\772988
_9112995
801 0 _aRU
_bNLR
_c19980615
_gPSBO
801 1 _aRU
_bNLR
_c19980615
852 _aNLR
_j98-3/1084
942 _cBOOK
980 _aNB